000 00613nam a22001937a 4500
005 20241128152654.0
010 _aENG-142683
020 _c499.00
_a9789361595202
035 _aEN-126215
037 _bDBAD
082 _a796.069
_21
100 _aSharma, Dheeraj
_974287
245 _aSports Management/
_cBy Dheeraj Sharma
250 _a1
260 _aUttar Pradesh
_bPearson India Education Pvt Ltd
_c2025
270 _bUttar Pradesh
_a1st FLoor, Berger Tower, Plot No. C-001A/2, Sector-16B, Noida
_e201301
300 _axxiv,243p.
_c23cm(pb)
_bIndex
942 _2ddc
_cEN
_h796.069
_mSHA
_e1
999 _c207167
_d207167